Natural disasters / (Record no. 541441)

000 -LEADER
fixed length control field 01074cam a2200205 a 4500
020 ## - INTERNATIONAL STANDARD BOOK NUMBER
International Standard Book Number 9780816070008
020 ## - INTERNATIONAL STANDARD BOOK NUMBER
International Standard Book Number 9780816070015
082 00 - DEWEY DECIMAL CLASSIFICATION NUMBER
Classification number 904.5
Author Mark DAV
-- N-04, P-18
100 1# - MAIN ENTRY--PERSONAL NAME
Personal name Davis, Lee
9 (RLIN) 36313
245 10 - TITLE STATEMENT
Title Natural disasters /
Statement of responsibility, etc. Lee Davis.
250 ## - EDITION STATEMENT
Edition statement New ed.
260 ## - PUBLICATION, DISTRIBUTION, ETC.
Place of publication, distribution, etc. New York :
Name of publisher, distributor, etc. Facts On File,
Date of publication, distribution, etc. c2008.
300 ## - PHYSICAL DESCRIPTION
Extent xvi, 464 p., 8 p. of plates :
Other physical details ill. (some col.) ;
Dimensions 29 cm.
505 0# - FORMATTED CONTENTS NOTE
Formatted contents note Avalanches and landslides -- Earthquakes -- Famines and droughts -- Floods -- Plagues and epidemics -- Cyclones -- Hurricanes -- Icestorms and snowstorms -- Tornadoes -- Storms -- Typhoons -- Volcanic eruptions and natural explosions.
520 ## - SUMMARY, ETC.
Summary, etc. Discusses more than five hundred natural calamities that have devastated humanity and changed history, including hurricanes, earthquakes, famines and droughts, floods, plagues and epidemics, and volcanic eruptions. Simultaneous.
526 ## - STUDY PROGRAM INFORMATION NOTE
Program name 0
Interest level 0
Reading level 0
Title point value 904_500000000000000_DAV
650 #0 - SUBJECT ADDED ENTRY--TOPICAL TERM
Topical term or geographic name entry element Natural disasters.
Topical term following geographic name entry element NUST
9 (RLIN) 36289
856 41 - ELECTRONIC LOCATION AND ACCESS
Uniform Resource Identifier <a href="http://www.loc.gov/catdir/toc/ecip086/2007050846.html">http://www.loc.gov/catdir/toc/ecip086/2007050846.html</a>
942 ## - ADDED ENTRY ELEMENTS (KOHA)
Source of classification or shelving scheme
Koha item type Book
Holdings
Withdrawn status Lost status Source of classification or shelving scheme Damaged status Not for loan Permanent Location Current Location Date acquired Total Checkouts Full call number Barcode Date last seen Date last checked out Price effective from Koha item type Public note
          Military College of Engineering (MCE) Military College of Engineering (MCE) 07/22/2013 1 904.5 DAV MCE-45583 01/07/2015 11/21/2014 07/22/2013 Book Orignal
© 2023 Central Library, National University of Sciences and Technology. All Rights Reserved.